Thực hành sinh lý động vật và người
Sparad:
| Huvudupphovsman: | |
|---|---|
| Materialtyp: | Bok |
| Språk: | Vietnamese |
| Publicerad: |
H.
Giáo dục
1980
|
| Ämnen: | |
| Taggar: |
Lägg till en tagg
Inga taggar, Lägg till första taggen!
|
| Thư viện lưu trữ: | Mạng thư viện Đại học Đà Nẵng |
|---|
| LEADER | 01072nam a2200349 4500 | ||
|---|---|---|---|
| 001 | 000008923 | ||
| 003 | 5117 | ||
| 005 | 20111021161054.0 | ||
| 008 | 111021s1980 viesd | ||
| 020 | |c 0.66đ | ||
| 041 | 0 | |a vie | |
| 082 | |a 571.071 |b LE-H | ||
| 100 | 0 | |a Lê Thị Huệ | |
| 245 | 0 | |a Thực hành sinh lý động vật và người |c Lê Thị Huệ | |
| 260 | |a H. |b Giáo dục |c 1980 | ||
| 300 | |a 103tr |c 21cm | ||
| 504 | |a Mục lục tr103 | ||
| 653 | |a Thực hành | ||
| 653 | |a Sinh lý | ||
| 653 | |a Động vật | ||
| 653 | |a Sách đọc thêm | ||
| 910 | |a Thương |d 21/10/2011 | ||
| OWN | |a LSP | ||
| AVA | |a UDN50 |b LSP |d 571.071 LE-H |e available |t Error 5001 Not defined in file expand_doc_bib_avail. |f 2 |g 1 |h N |i 0 |k 1 | ||
| 999 | |a From the UDN01 | ||
| AVA | |a UDN50 |b LSP |d 571.071 LE-H |e available |t Error 5001 Not defined in file expand_doc_bib_avail. |f 2 |g 1 |h N |i 0 |k 1 | ||
| TYP | |a Monograph | ||
| TYP | |a Printed language | ||
| 980 | |a Mạng thư viện Đại học Đà Nẵng | ||